000 00465nam a2200181Ia 4500
008 210719s2019 xx 000 0 und d
020 _a978-1-787-46297-7
041 _aeng
082 _a813.54 COBB
100 _aCOBEN (Harlan)
245 _aBoy from the woods
260 _aLondon
_bArrow Books
_c2019
300 _a371
_bPB
365 _b499
_cRs
650 _aAmerican English Fiction
650 _aAmerican English Fiction
906 _aBoy ; from ; woods
999 _c211767
_d211767